Polskie ekipy kibicowskie w lesie od 2012 - Statystyki

Ogólne statystyki
  • Ten quiz został rozwiązany 51 razy
  • Średni wynik to 7 z 9
Statystyki odpowiedzi
Rekord i Ostatnia Porażka Odpowiedź % Poprawnych
14-6 2021 Legia Warszawa (Teddy Boys)
100%
25-1 2020 Lech Poznań (LPH)
95%
17-2 2018 Arka Gdynia (HFA)
82%
18-5 2021 Ruch Chorzów (Psycho Fans)
80%
7-1 2017 Wisła Kraków (Wisła Devils)
77%
37-6 2022 Zagłębie Sosnowiec (Barra Bravas)
75%
11-4 2020 ŁKS Łódź (Uliczni Wojownicy)
73%
19-3 2021 Widzew Łódź (Red Workers)
73%
16-5 2013 BKS Stal Bielsko-Biała (South Boys)
23%
Nie znaleziono quizów pasujących do podanych kryteriów
Rozkład punktacji
Procent ludzi z każdym wynikiem
Percentyl według liczby udzielonych odpowiedzi
Twoja historia wyników
Nie rozwiązałeś tego quizu